| 000 | 00742nam a2200253Ia 4500 | ||
|---|---|---|---|
| 008 | 160803s9999 xx 000 0 und d | ||
| 020 | _a0 545382173 | ||
| 100 | _aPeete, Holly Robinson | ||
| 245 | _aMy brother Charlie / | ||
| 245 | _cwritten by Holly Robinson Peete and Ryan Elizabeth Peete with Denene Millner ; pictures by Shane W. Evans. | ||
| 260 | _aNew York : | ||
| 260 | _bScholastic Inc. | ||
| 260 | _c2010 | ||
| 300 | _a1 volume (unpaged) : | ||
| 300 | _bcolor illustrations ; | ||
| 300 | _c29 cm | ||
| 650 | _aAutistic children -- | ||
| 650 | _aBrothers and sisters -- | ||
| 650 | _aTwins -- | ||
| 650 | _xJuvenile fiction. | ||
| 650 | _xJuvenile fiction. | ||
| 650 | _xJuvenile fiction. | ||
| 700 | _a540 | ||
| 999 |
_c299650 _d299650 |
||